| 000 | 00934nam a22002417a 4500 | ||
|---|---|---|---|
| 999 |
_c10473 _d10473 |
||
| 003 | AR-CdUCM | ||
| 008 | 190401b ||||| |||| 00| 0 spa d | ||
| 040 |
_aMUNICIPALIDAD PROVINCIAL DEL CUSCO _cBIBLIOTECA MUNICIPAL DEL CUSCO |
||
| 041 | _heng | ||
| 082 |
_aEP / 800 / _bV25 |
||
| 100 |
_aVan Loon, Hendrik W. _927353 |
||
| 245 | _aHistoria del hombre primitivo (origen de la civilización) / | ||
| 260 |
_aBuenos Aires : _bEditorial Acme, _c1956. |
||
| 300 |
_a236 páginas ; _bIlustraciones, _c19 cm. |
||
| 440 |
_aColección Robin Hood _927354 |
||
| 505 | _aContenido: El hombre prehistórico -- El mundo se enfría -- Fin de la edad de piedra -- La primera escuela de la raza humana -- La llave de piedra... | ||
| 650 |
_aLiteratura infaltil _927332 |
||
| 650 |
_aLiteratura escolar _926679 |
||
| 650 |
_aPrimeros hombres _98881 |
||
| 700 |
_aBarberá, Manuel (traducción) _927355 |
||
| 942 |
_2ddc _cLIBROS |
||
| 945 | _adavv | ||